[Event "Titled Tuesday intern op 15 Mar Late"]
[Site "Chess.com INT"]
[Date "2022.03.15"]
[Round "4"]
[White "Van den Dikkenberg, Erik"]
[Black "Plotnikov, Pavel"]
[Result "0-1"]
[WhiteElo "2160"]
[BlackElo "2297"]
[PlyCount "76"]
[EventDate "2022.03.15"]
[EventType "swiss (blitz)"]
[EventRounds "11"]
[EventCountry "USA"]
[SourceTitle "CBM 207 Extra"]
[Source "ChessBase"]
[SourceDate "2022.05.31"]
[SourceVersion "1"]
[SourceVersionDate "2022.05.31"]
[SourceQuality "1"]

1. e4 e6 2. d4 d5 3. e5 Ne7 4. c3 c5 5. Nf3 Nf5 6. Bd3 Nc6 7. 0-0 cxd4 8. Bxf5 exf5 9. cxd4 Be6 10. Bg5 Qb6 11. Nbd2 h6 12. Be3 g5 13. g3 Be7 14. Nb3 a5 15. Nc5 Bxc5 16. dxc5 Qc7 17. Nd4 0-0 18. Nxc6 bxc6 19. Bd4 Rab8 20. Qh5 Kg7 21. h4 Qe7 22. hxg5 hxg5 23. Qe2 Rh8 24. Kg2 Rb4 25. Bc3 Re4 26. Qa6 d4 27. Bxa5 Bd5 28. f3 Re3 29. Bd2 Rxf3 30. Rxf3 g4 31. Bf4 Bxf3+ 32. Kf2 Rh2+ 33. Ke1 Rh1+ 34. Kd2 Rxa1 35. Qc8 Rd1+ 36. Kc2 Qxc5+ 37. Kb3 Rd3+ 38. Ka4 Qb5# 0-1